5HLuxD.jpg

KING HENRY VIII SENIOR AND PRIMARY SCHOOL LIBRARY OPAC

Tiger's quest / (Record no. 95)

000 -LEADER
fixed length control field 01425cam a2200373 a 4500
001 - CONTROL NUMBER
control field 16603915
003 - CONTROL NUMBER IDENTIFIER
control field OSt
005 - DATE AND TIME OF LATEST TRANSACTION
control field 20191223110158.0
008 - FIXED-LENGTH DATA ELEMENTS--GENERAL INFORMATION
fixed length control field 110107s2011 nyu d 000 1 eng
010 ## - LIBRARY OF CONGRESS CONTROL NUMBER
LC control number 2010049270
020 ## - INTERNATIONAL STANDARD BOOK NUMBER
International Standard Book Number 9781402784040
040 ## - CATALOGING SOURCE
Original cataloging agency DLC
Transcribing agency DLC
Modifying agency DLC
042 ## - AUTHENTICATION CODE
Authentication code lcac
-- pcc
082 00 - DEWEY DECIMAL CLASSIFICATION NUMBER
Classification number FIC HOU
Edition number 22
100 1# - MAIN ENTRY--PERSONAL NAME
Personal name Houck, Colleen.
Relator term author
245 10 - TITLE STATEMENT
Title Tiger's quest /
Statement of responsibility, etc. by Colleen Houck.
260 ## - PUBLICATION, DISTRIBUTION, ETC.
Place of publication, distribution, etc. New York :
Name of publisher, distributor, etc. Sterling,
Date of publication, distribution, etc. c2011.
300 ## - PHYSICAL DESCRIPTION
Extent 479 p. ;
Dimensions 24 cm.
490 0# - SERIES STATEMENT
Series statement Tiger saga ;
Volume/sequential designation bk 2.
520 ## - SUMMARY, ETC.
Summary, etc. Kelsey returns home to Oregon, where Mr. Kadam has enrolled her in college, but danger sends her back to India to begin another quest, this time with Kishan, to try to break the curse that forces Kisham and his brother Ren to live as tigers.
650 #1 - SUBJECT ADDED ENTRY--TOPICAL TERM
Topical term or geographic name entry element Tiger
Form subdivision Fiction.
650 #1 - SUBJECT ADDED ENTRY--TOPICAL TERM
Topical term or geographic name entry element Blessing and cursing
Form subdivision Fiction.
650 #1 - SUBJECT ADDED ENTRY--TOPICAL TERM
Topical term or geographic name entry element Universities and colleges
Form subdivision Fiction.
650 #1 - SUBJECT ADDED ENTRY--TOPICAL TERM
Topical term or geographic name entry element Dating (Social customs)
Form subdivision Fiction.
650 #1 - SUBJECT ADDED ENTRY--TOPICAL TERM
Topical term or geographic name entry element Immortality
Form subdivision Fiction.
650 #1 - SUBJECT ADDED ENTRY--TOPICAL TERM
Topical term or geographic name entry element Orphans
Form subdivision Fiction.
651 #1 - SUBJECT ADDED ENTRY--GEOGRAPHIC NAME
Geographic name Oregon
Form subdivision Fiction.
651 #1 - SUBJECT ADDED ENTRY--GEOGRAPHIC NAME
Geographic name India
Form subdivision Fiction.
700 ## - ADDED ENTRY--PERSONAL NAME
Personal name Nielsen, Cliff
Relator term Cover illustrator
700 ## - ADDED ENTRY--PERSONAL NAME
Personal name Damkoehler, Katrina
Relator term Cover designer
906 ## - LOCAL DATA ELEMENT F, LDF (RLIN)
a 7
b cbc
c orignew
d 1
e ecip
f 20
g y-gencatlg
942 ## - ADDED ENTRY ELEMENTS (KOHA)
Source of classification or shelving scheme
Koha item type Books - Fiction
Holdings
Withdrawn status Lost status Source of classification or shelving scheme Damaged status Not for loan Collection code Permanent Location Current Location Shelving location Date acquired Total Checkouts Full call number Barcode Date last seen Date last checked out Price effective from Koha item type
          Fiction KH8 Senior School Library KH8 Senior School Library Fiction 2019-07-25 2 FIC HOU 3KHSL000101219 2024-07-16 2022-02-07 2019-07-25 Books - Fiction

Powered By KH8 IT Dept